|
|
|
|
| LEADER |
00000nam a22000007a 4500 |
| 005 |
20220413231938.0 |
| 007 |
cr|||| |||| |
| 008 |
220413s2020 es |||||s|||| 00||0 spa d |
| 020 |
|
|
|a 978-84-122314-4-1
|
| 035 |
|
|
|a 35573
|
| 040 |
|
|
|a vLex
|
| 090 |
|
|
|c 13182
|d 13182
|
| 100 |
1 |
|
|a Cerrada Moreno, Manuel
|
| 245 |
1 |
0 |
|a Criminalidad organizada
|h [Recurso electrn̤ico] :
|b Tratamiento policial y judicial /
|c Manuel Cerrada Moreno
|
| 256 |
|
|
|a Servicio en ln̕ea
|
| 260 |
|
|
|a Barcelona:
|b J.M. Bosch Editor,
|c 2020
|
| 300 |
|
|
|a 1 recurso electrn̤ico
|
| 500 |
|
|
|a Este libro aborda el tratamiento policial y judicial del fenm̤eno de la criminalidad organizada, aunando el enfoque estrictamente jurd̕ico con el criminolg̤ico para arrojar una visin̤ prc̀tica y clarifi cadora del panorama, que debido a las sucesivas reformas legales, la tčnica legislativa empleada y la confl uencia del ordenamiento espaǫl con el internacional, puede resultar confuso en muchos aspectos. Este estudio tiene en cuenta las disposiciones contenidas en las normas sustantivas y procesales espaǫlas, as ̕como la copiosa jurisprudencia que las desarrolla, pero tambiň el contexto normativo de la Unin̤ Europea y de las Naciones Unidas, dando respuesta a cuestiones prc̀ticas como la distincin̤ entre los supuestos de mera codelincuencia y los de autňtica criminalidad organizada, distinguiendo dentro de šta entre organizaciones y grupos criminales, estudiando las distintas agravaciones penolg̤icas y fi jando los criterios para la resolucin̤ de los problemas concursales que pueden surgir. Se estudian asimismo los puntos de confl uencia y las diferencias entre criminalidad organizada y terrorismo, prestando especial atencin̤ al tratamiento procesal diferenciado que reciben estas fi guras frente a la delincuencia ordinaria. La presente obra pretende por tanto ser interesante para el estudioso de estos fenm̤enos, pero tambiň constituir un compendio t︢il para clarifi car conceptos, pudiendo utilizarse a modo de gua̕ prc̀tica por los aplicadores de las normas jurd̕icas, como Fuerzas y Cuerpos de Seguridad, Jueces y Magistrados, Fiscales y, cm̤o no, Abogados penalistas.
|
| 506 |
1 |
|
|a Disponible solo en los productos indicados
|d vLex Global
|d vLex Global (Academic Edition, excluding Law Schools)
|d vLex Global (U.S. Academic Edition, Law Schools)
|d vLex Global (U.S. Academic Edition, excluding Law Schools)
|d vLex Global (Academic Edition, Law Schools)
|
| 650 |
0 |
4 |
|a Derecho Penal
|z Espaą
|
| 650 |
0 |
4 |
|a Procedimiento Penal
|z Espaą
|
| 740 |
0 |
|
|a vLex Libros (Servicio en ln̕ea)
|
| 856 |
4 |
0 |
|u https://app.vlex.com/#/sources/35573
|z Acceso restringido
|
| 942 |
|
|
|c BOOK
|
| 999 |
0 |
|
|a Criminal Law
|
| 999 |
0 |
|
|a Criminal Procedure
|